| 000 | 00755nam a2200241 4500 | ||
|---|---|---|---|
| 001 | 8500 | ||
| 003 | CO-ViMGA | ||
| 005 | 20260312142223.0 | ||
| 008 | 260312b |||||||| |||| 00| 0 eng d | ||
| 020 | _a9789585982628 | ||
| 040 |
_aCO-ViMGA _bspa _cCO-ViMGA |
||
| 084 | _aNG SAC3 | ||
| 100 | 1 |
_aSacco, Joe, _d1960- _960146 |
|
| 245 | 1 | 0 |
_aBumf / _cJoe Sacco ; Carlos Mayor por la traducción |
| 250 | _aEdicion especial | ||
| 300 | _a120 p. | ||
| 490 | 0 | _aPlan Nacional de Lectura y Escritura Leer es mi cuento / Ministerio de Cultura | |
| 650 | 1 | 4 |
_aEstados Unidos _xPolítica y gobierno _969379 |
| 650 | 1 | 4 |
_aLiteratura estadounidense _9762 |
| 650 | 1 | 4 |
_aNovela gráfica estadounidense _969380 |
| 650 | 1 | 4 |
_aSátira política _913260 |
| 942 |
_2ddc _cBK |
||
| 999 |
_c8500 _d8500 |
||